| 000 | 00818nam a2200181Ia 4500 | ||
|---|---|---|---|
| 008 | 100921s9999 xx 000 0 und d | ||
| 082 |
_b35415 _a923.2 न 02 |
||
| 100 | _aखेकाळे ना.रा. | ||
| 245 | _aजगातील महान राष्ट्रनेते. | ||
| 260 |
_bश्रीमंगेश प्रकाशन, नागपूर. _c2002 |
||
| 300 |
_a81 _bरसिक साहित्य,पुणे |
||
| 365 | _b30 | ||
| 520 | _aचरित्रे-राजकारणी व्यिक्त. | ||
| 630 | _aजगातील महान राष्ट्रनेते. | ||
| 650 | _aचरित्रे-राजकारणी व्यिक्त. | ||
| 730 | _aजगातील महान राष्ट्रनेते. | ||
| 942 | _cBOOK | ||
| 999 |
_c784528 _d784525 |
||